000
00227nam a22000977a 4500
003
SGT
100
_a
TRISHNAS
245
_a
GATE COMPUTER SCIENCE AND INFORMATION TECHNOLOGY
260
_a
NEW DELHI
_b
PEARSON
_c
2019
942
_2
ddc
_c
CD
999
_c
20362
_d
20362